statistieken voor 100 Grootste Steden op een Kaart

Klik hier om de quiz te nemen!

Generale statistieken

  • Deze quiz is al 219 keer genomen
  • De gemiddelde score is 60 of 100

Antwoord statistieken

Inwoners Stad % Correct
6.45 mMadrid
97%
22.4 mNew York
97%
11.4 mParijs
97%
4.75 mBerlijn
97%
14.7 mLonden
97%
17.2 mMoskou
96%
22.8 mMexico-Stad
95%
4.73 mBarcelona
94%
40.2 mTokio
94%
5.60 mSint-Petersburg
92%
13.1 mRio de Janeiro
91%
17.8 mLos Angeles
91%
5.20 mMilaan
91%
20.4 mPeking
90%
20.5 mCaïro
90%
5.20 mSydney
89%
6.35 mMiami
88%
4.98 mAnkara
87%
30.6 mJakarta
86%
16.3 mBuenos Aires
85%
9.90 mLima
84%
8.55 mWashington D.C.
82%
15.8 mIstanboel
81%
13.7 mJohannesburg
80%
7.85 mSan Francisco
80%
7.45 mHong Kong
80%
18.3 mBangkok
79%
35.9 mShanghai
78%
29.4 mDelhi
77%
15.0 mTeheran
76%
7.20 mSantiago
76%
4.90 mDubai
76%
9.75 mChicago
76%
24.7 mMumbai
76%
6.60 mHouston
75%
7.80 mSingapore
74%
22.2 mSão Paulo
74%
24.7 mSeoel
72%
25.2 mManilla
72%
4.85 mMelbourne
71%
7.65 mBoston
70%
9.80 mBogota
70%
7.10 mDallas
68%
6.85 mBagdad
68%
5.70 mDetroit
66%
5.95 mNairobi
66%
8.85 mWuhan
64%
17.7 mOsaka
63%
12.0 mKinshasa
62%
5.70 mAlexandrië
61%
18.8 mLagos
60%
5.80 mAtlanta
59%
8.70 mKuala Lumpur
59%
7.75 mRiyad
59%
16.6 mKolkata
59%
19.5 mDhaka
59%
7.35 mPhiladelphia
57%
7.35 mToronto
55%
45.6 mGuangzhou
54%
4.73 mColombo
52%
4.95 mAccra
51%
6.15 mKhartoem
50%
17.3 mKarachi
49%
7.90 mLuanda
49%
5.45 mAmman
49%
9.10 mTaipei
49%
6.15 mDar es Salaam
47%
8.60 mHo Chi Minhstad
45%
11.8 mBengaluru
44%
12.6 mLahore
43%
4.93 mMonterrey
41%
4.98 mBelo Horizonte
41%
5.25 mGuadalajara
41%
6.80 mXi'an
40%
11.0 mChennai
40%
4.78 mDjedda
39%
9.90 mXiamen
39%
5.45 mAbidjan
39%
5.50 mRangoon
34%
8.25 mAhmedabad
34%
13.2 mTianjin
34%
9.80 mChengdu
34%
10.5 mNagoya
34%
6.70 mNanjing
33%
6.85 mBandung
32%
6.00 mSurabaya
32%
4.83 mChittagong
30%
8.05 mChongqing
29%
6.70 mPune
27%
5.15 mHarbin
25%
6.35 mSurat
24%
8.30 mHangzhou
24%
5.95 mQingdao
24%
9.85 mHaiderabad
24%
7.90 mShenyang
21%
4.83 mHefei
18%
5.35 mZhengzhou
17%
5.25 mWenzhou
16%
7.70 mShantou
16%
4.75 mChangsha
15%

Score Distributie

Percentiel op hoeveel beantwoord

Procent van mensen met elke score

Uw Scoregeschiedenis

U hebt deze quiz nog niet genomen